000 00689nam a2200205 a 4500
001 BRCA_197
005 20190320202922.0
008 890724s1987 mx-a---##b---s000-0#spa-#
020 _a9688160733
040 _aDLC
_cDLC
_dDLC
050 4 _aHE311
_b.R66 1987
100 1 _aRomero, Héctor Manuel
_9714
245 1 0 _aHistoria del transporte en la Ciudad de México
_bde la trajinera al metro
_cHéctor Manuel Romero.
260 _aMéxico
_bDepartamento del Distrito Federal : Secretaría General de Desarrollo Social
_c1987
300 _a157 p.
_bil.
_c30 cm.
504 _aBibliografía: p. 155
650 1 4 _aTransporte
_xHistoria
_zMéxico
_9715
653 0 _aVida cotidiana
942 _2lcc
_cB
999 _c166
_d166